| 000 | 00946cam a2200289 a 4500 | ||
|---|---|---|---|
| 001 | 1505272 | ||
| 003 | OSt | ||
| 005 | 20200612123847.0 | ||
| 008 | 880916s1988 ii b 001 0 eng | ||
| 010 | _a 88903084 | ||
| 020 |
_a8170241715 : _cRs75.00 |
||
| 025 | _aI E 57159 | ||
| 040 |
_aDLC _coclc _dDLC |
||
| 043 |
_aa-ii--- _af------ _aa------ |
||
| 050 | 0 | 0 |
_aB799 _b.R28 1988 |
| 082 | 0 | 0 |
_a181.07 _bRAF/I |
| 100 |
_aRafique, M _q(Mohammad), _d1939- _92836 |
||
| 245 | 1 | 0 |
_aIndian and Muslim philosophy : _ba comparative study / _cM. Rafique |
| 260 |
_aNew Delhi : _bAshish Pub. House, _c1988. |
||
| 300 |
_a76 p. ; _c23 cm. |
||
| 504 | _aIncludes bibliographical references and index. | ||
| 650 | 0 | _aPhilosophy, Indic. | |
| 650 | 0 | _aIslamic philosophy. | |
| 906 |
_a7 _bcbc _corignew _d3 _encip _f19 _gy-gencatlg |
||
| 942 |
_2ddc _cBK _h181.07 _iRAF/I _k181.07 _mRAF/I |
||
| 999 |
_c19967 _d19967 |
||